000 01006naa a22002777a 4500
001 BR6006715
003 BR-BrBNA
005 20240918172916.0
007 ta
008 230509b bl.||||| |||| 00| 0 por d
040 _aBR-BrBNA
_bpor
_cBiblioteca Nacional de Agricultura
041 _a(Pt)
072 _aE30; P12
_b/G514
090 _aE30 BR6006715
100 1 _aColi, M.
111 1 _a1. Seminario Nacional de Irrigacao
_cRecife, PE (Brazil)
_d8 Dec 1968
245 1 _aA extensao rural em programas de desenvolvimento agricola com base na irrigacao [Brasil]
260 3 _aRecife, PE (Brasil):
_c1969.
500 _a1. Seminario Nacional de Irrigacao Recife, PE (Brasil): 1969. v. 1 p. 179-186 (BR6006715-AM)E30
650 _aDesenvolvimento agricola
650 _aIrrigacao
650 _aProjeto de desenvolvimento
773 0 _t1. Seminario Nacional de Irrigacao
_wE30 BR6006715
_gRecife, PE (Brasil), 1969. v. 1 p. 179-186
909 _a202404
_bLucia
_c55
_dLucia Elande
942 _cAM
_2AGRIS
999 _c302024
_d302024